Central Library || Chittagong University

A short history of Science and Scientific thought : (Record no. 111584)

MARC details
000 -LEADER
fixed length control field 00556nam a22001697a 4500
003 - CONTROL NUMBER IDENTIFIER
control field BD-ChCU
005 - DATE AND TIME OF LATEST TRANSACTION
control field 20260215114153.0
008 - FIXED-LENGTH DATA ELEMENTS--GENERAL INFORMATION
fixed length control field 260215b bg ||||| |||| 00| 0 ben d
040 ## - CATALOGING SOURCE
Transcribing agency BD-ChCU
082 ## - DEWEY DECIMAL CLASSIFICATION NUMBER
Classification number 509 TAS
100 ## - MAIN ENTRY--PERSONAL NAME
Personal name Taylor, F. Sherwood.
9 (RLIN) 20287
245 ## - TITLE STATEMENT
Title A short history of Science and Scientific thought :
Remainder of title with readings from the great scientist from the Babylonians to Einstein.//
Statement of responsibility, etc. Taylor, F. Sherwood.
260 ## - PUBLICATION, DISTRIBUTION, ETC.
Place of publication, distribution, etc. New York.
Name of publisher, distributor, etc. W. W. Norton.
Date of publication, distribution, etc. 1963
300 ## - PHYSICAL DESCRIPTION
Extent 368p,
650 #0 - SUBJECT ADDED ENTRY--TOPICAL TERM
Topical term or geographic name entry element Sciennce - History.
9 (RLIN) 20289
942 ## - ADDED ENTRY ELEMENTS (KOHA)
Source of classification or shelving scheme Dewey Decimal Classification
Koha item type Books
Suppress in OPAC No
Holdings
Withdrawn status Lost status Source of classification or shelving scheme Damaged status Not for loan Home library Current library Shelving location Date acquired Source of acquisition Total Checkouts Full call number Barcode Date last seen Copy number Price effective from Koha item type
    Dewey Decimal Classification     Chittagong University Library Chittagong University Library Science Reading Room 02/15/2026 Purchase   509 TAS 15793 02/15/2026 C-1 02/15/2026 Books
© Copyright 2025. Chittagong University Library, Installation and Maintenance by Prof. Dr. Md. Alamgir, 01711306253